<?xml version="1.0" encoding="UTF-8"?>
<collection xmlns:xsi="http://www.w3.org/2001/XMLSchema-instance" xsi:schemaLocation="http://www.loc.gov/MARC21/slim http://www.loc.gov/standards/marcxml/schema/MARC21slim.xsd" xmlns="http://www.loc.gov/MARC21/slim">
 <record>
  <leader>00000caa a22000004a 4500</leader>
  <controlfield tag="001">UP-8027390931312424156</controlfield>
  <controlfield tag="003">Buklod</controlfield>
  <controlfield tag="005">20140619084218.0</controlfield>
  <controlfield tag="006">o--- |     ||   ||</controlfield>
  <controlfield tag="007">ta</controlfield>
  <controlfield tag="008">140619s        xx     d     r    |||| u|</controlfield>
  <datafield tag="035" ind1=" " ind2=" ">
   <subfield code="a">(iLib)UPCEB-00008353836</subfield>
  </datafield>
  <datafield tag="040" ind1=" " ind2=" ">
   <subfield code="a">edna</subfield>
  </datafield>
  <datafield tag="041" ind1=" " ind2=" ">
   <subfield code="a">eng</subfield>
  </datafield>
  <datafield tag="100" ind1="1" ind2=" ">
   <subfield code="a">Lee-Chua, Queena N.</subfield>
  </datafield>
  <datafield tag="245" ind1="0" ind2="0">
   <subfield code="a">The rubic's cube approach to diagnosis and remediation of mathematical learning disabilities in children. [article].</subfield>
  </datafield>
  <datafield tag="300" ind1=" " ind2=" ">
   <subfield code="a">pp.86-102</subfield>
  </datafield>
  <datafield tag="520" ind1=" " ind2=" ">
   <subfield code="a">Mathematical learning disabilities (dyscalculias) have traditionally been treated as simply a cognitive disorder. Characterized by  deficits in information processing, perception , attention, language, motor or other skills, dyscalculia has mostly been approached from a cognitive viewpoint, using assessment and instructional strategies, with varying degrees of success. This paper proposes a multidimensional framework, drawing from Carandang's (1981) Rubic's cube approach, which analysis five aspects:physical, cognitive, emotional, social, moral. Actual case experiences and referrals are described, with detailed recommendations for interdisciplinary consultation. Backed by dimensional approach can clearly be seen. It is hoped that this framework can be utilized by classroom educators, psychologists, learning therapists, special-education professio0nals, and other working with mathematically-disabled children.</subfield>
  </datafield>
  <datafield tag="773" ind1="0" ind2=" ">
   <subfield code="a">Philippine Journal of Psychology</subfield>
   <subfield code="g">vol.32,  no.1, June 1999.</subfield>
  </datafield>
  <datafield tag="942" ind1=" " ind2=" ">
   <subfield code="a">Analytics</subfield>
  </datafield>
 </record>
</collection>
